000 00723nam a22002057a 4500
005 20230828125258.0
010 _aHIN-125680
020 _c449.00
_a9789392080241
035 _aHN-98025
037 _bDBAD/PUB
082 _a
100 _aबबेले, पीयूष
_955419
245 _aगाँधी सियासत और साम्प्रदायिकता /
_cपीयूष बबेले
260 _bGenuine publications & media pvt ltd
_c2023
_aNew Delhi
270 _ab-35 (LGF) Nizamuddin west
_bNew Delhi
_e110013
300 _a297पृ.
_c22 सेमी(अजिल्द )
650 _x
_z
_955420
650 _v
_955421
942 _2ddc
_cHN
_h
_mबबेले
999 _c197589
_d197589